000 00370pab a2200145 454500
008 180718b2006 xxu||||| |||| 00| 0 eng d
100 _aMomaya, K.
245 _aStrategy and implementation approaches to knowledge management
260 _c2006
300 _ap.9-15.
362 _aApr-Sep
650 _aKnowledge management
773 _aProductivity
909 _a73267
999 _c73267
_d73267